| 000 | 00414ntaaa2200169 4500 | ||
|---|---|---|---|
| 003 | 01 | ||
| 005 | 20251027201926.0 | ||
| 008 | 0714s1973 ag 01 | ||
| 040 |
_aAR-BaBN _bspa _cAR-BaBN _eaacr _dRIC |
||
| 082 | _a244.4140 W17n | ||
| 100 | _aWalton, O. F. | ||
| 245 | _aNavidad de Angelita | ||
| 250 |
_a1 ed. : _bImprenta Metodista, _c1950 |
||
| 300 | _a54 p. | ||
| 650 |
_aCuentos Para NiƱos _94918 |
||
| 942 | _cBK | ||
| 999 |
_c13977 _d13977 |
||